Ako sa darí DM v Európe ?

Aktivity DM /direct marketingu/ v Európe za rok 2001 podľa Európskej federácie interaktívneho a priameho marketingu /FEDMA/. Výdavky na direct marketing, telemarketing, direct mail, internet/online v rokoch 1999-2001.

Enregistré dans:
Détails bibliographiques
Auteur principal: Môciková, Renata
Format: Chapitre de livre
Langue:slovaque
Sujets:
Tags: Ajouter un tag
Pas de tags, Soyez le premier à ajouter un tag!

MARC

LEADER 00000naa a2200000 4500
001 r049085
005 20230929113659.7
041 0 |a slo 
044 |a SK 
245 1 0 |a Ako sa darí DM v Európe ?  |c Renata Môciková 
520 |a Aktivity DM /direct marketingu/ v Európe za rok 2001 podľa Európskej federácie interaktívneho a priameho marketingu /FEDMA/. Výdavky na direct marketing, telemarketing, direct mail, internet/online v rokoch 1999-2001. 
610 2 0 |a marketing priamy 
610 2 0 |a telemarketing 
610 2 0 |a direct mailing 
610 2 0 |a internet 
610 2 0 |a výdavky 
610 2 0 |a Európa 
100 1 |a Môciková, Renata